TEORIA GENERAL DEL ESTADO (Registro nro. 55529)
[ vista simple ]
| 000 -LEADER | |
|---|---|
| fixed length control field | 01019nam a2200205 a 4500 |
| 001 - CONTROL NUMBER | |
| control field | 55529 |
| 005 - DATE AND TIME OF LATEST TRANSACTION | |
| control field | 20180714050855.0 |
| 008 - FIXED-LENGTH DATA ELEMENTS--GENERAL INFORMATION | |
| fixed length control field | 140415s2009 mx 000 0 spa d |
| 020 ## - INTERNATIONAL STANDARD BOOK NUMBER | |
| International Standard Book Number | 9789706131010 |
| 041 ## - LANGUAGE CODE | |
| Language code of text/sound track or separate title | spa |
| 082 ## - DEWEY DECIMAL CLASSIFICATION NUMBER | |
| Classification number | 320.1 |
| Item number | AND |
| 100 1# - MAIN ENTRY--PERSONAL NAME | |
| Personal name | ANDRADE SANCHEZ, EDUARDO |
| 245 10 - TITLE STATEMENT | |
| Title | TEORIA GENERAL DEL ESTADO |
| 250 ## - EDITION STATEMENT | |
| Edition statement | 2a ed. |
| 260 ## - PUBLICATION, DISTRIBUTION, ETC. | |
| Place of publication, distribution, etc. | MEXICO : |
| Name of publisher, distributor, etc. | OXFORD UNIVERSITY PRESS MEXICO, |
| Date of publication, distribution, etc. | 2009 |
| 300 ## - PHYSICAL DESCRIPTION | |
| Extent | 461 |
| Dimensions | 17.1 x 2.4 x 23 |
| 490 ## - SERIES STATEMENT | |
| Series statement | TEXTOS JURIDICOS UNIVERSITARIOS |
| 520 ## - SUMMARY, ETC. | |
| Summary, etc. | UN LIBRO COMO EL QUE TIENE EN SUS MANOS NO ES FACIL DE ENCONTRAR, YA QUE EN ÉL ANDRADE CONJUGA SU CONOCIMIENTO ACERCA DE LA LLAMADA TEORIA GENERAL DEL ESTADO, SU EXPERIENCIA POLITICA Y COMO DOCENTE. LA IDEA CENTRAL QUE EXPONE EL AUTOR A LO LARGO DE LA OBRA ES QUE EL ESTADO ES UNA ENTIDAD ECONOMICA, ADEMAS DE POLITICA, A PARTIR DE ESTE PLANTEAMIENTO, EXPRESA SU INTERPRETACION ACERCA DE DIVERSOS PROBLEMAS ACTUALES QUE SE VINCULAN AL PROCESO CONOCIDO COMO GLOBALIZACION |
| 650 14 - SUBJECT ADDED ENTRY--TOPICAL TERM | |
| Topical term or geographic name entry element | ESTADO |
| Withdrawn status | Lost status | Source of classification or shelving scheme | Damaged status | Not for loan | Collection code | Home library | Current library | Shelving location | Date acquired | Source of acquisition | Inventory number | Total Checkouts | Full call number | Barcode | Date last seen | Date last checked out | Price effective from | Koha item type |
|---|---|---|---|---|---|---|---|---|---|---|---|---|---|---|---|---|---|---|
| Dewey Decimal Classification | General | Biblioteca Karol Wojtyla | Biblioteca Karol Wojtyla | Sala general | 03/12/2013 | Compra | 151000000000000000056174 | 320.1 AND | 83316 | 05/01/2026 | 13/03/2018 | 03/12/2013 | Libro | |||||
| Dewey Decimal Classification | General | Tehuacán | Tehuacán | Sala general | 03/12/2013 | Compra | 320.101 SAN | 505535 | 01/09/2016 | 01/09/2016 | 03/12/2013 | Libro |